[Event "PRVA LIGA CENTRALNE SRBIJE 2015"]
[Site "Kragujevac"]
[Date "2015.09.06"]
[Round "3.4"]
[White "Jovic, Stanoje"]
[Black "Nikolic, Dragovan"]
[Result "1/2-1/2"]
[WhiteElo "2290"]
[BlackElo "2245"]
[PlyCount "230"]
[EventDate "2015.09.05"]

1. c4 c5 2. Nf3 Nc6 3. Nc3 g6 4. e3 Bg7 5. d4 cxd4 6. exd4 d6 7. Be2 Nf6 8. O-O
O-O 9. Re1 d5 10. Bg5 Be6 11. c5 Ne4 12. Be3 h6 13. Bb5 Bg4 14. Bxc6 Nxc3 15.
bxc3 bxc6 16. Bf4 Qa5 17. h3 Bxf3 18. Qxf3 Rae8 19. Qe3 g5 20. Bg3 e5 21. dxe5
Re6 22. Qd4 Rfe8 23. c4 dxc4 24. Qxc4 Bxe5 25. Bxe5 Rxe5 26. Rxe5 Rxe5 27. Rc1
Re1+ 28. Kh2 Rxc1 29. Qxc1 Qxa2 30. Qe3 Qd5 31. Qa3 Qe5+ 32. g3 Qe1 33. Kg2 Qe7
34. Qb4 Qd7 35. Kh2 Qf5 36. Kg2 Kg7 37. Qc3+ Kg6 38. Qa3 Qd5+ 39. Kh2 Qd2 40.
Kg1 Qd1+ 41. Kg2 Qd5+ 42. Kh2 a6 43. Qc3 Qe4 44. Kg1 Qd5 45. Kh2 Kf5 46. Kg1
Ke6 47. Qe3+ Qe5 48. Qb3+ Qd5 49. Qe3+ Kd7 50. Qc3 Qf5 51. Qd4+ Qd5 52. Qc3 h5
53. Qb4 Ke6 54. Qc3 Qe4 55. Qb3+ Kf6 56. Qc3+ Ke7 57. Qb3 Qd5 58. Qe3+ Kd7 59.
Qc3 Qd1+ 60. Kg2 g4 61. hxg4 hxg4 62. Qb4 Qd5+ 63. Kg1 f5 64. Qc3 Ke6 65. Qe3+
Qe4 66. Qd2 Qe5 67. Qa2+ Qd5 68. Qe2+ Kf6 69. Qb2+ Qe5 70. Qb4 Qe4 71. Qc3+ Kg6
72. Qd2 Qe5 73. Qb4 Kf6 74. Qa3 Qe1+ 75. Kg2 a5 76. Qb2+ Qe5 77. Qb6 Qd5+ 78.
Kg1 a4 79. Qb2+ Kg6 80. Qb4 Qd1+ 81. Kg2 Qf3+ 82. Kg1 a3 83. Qa5 Kg5 84. Qa8 f4
85. Qd8+ Kf5 86. Qd7+ Ke4 87. Qxc6+ Kd4 88. Qb6 Kc3 89. c6 Qd1+ 90. Kh2 fxg3+
91. Kxg3 Qf3+ 92. Kh4 Qf6+ 93. Kxg4 Qg6+ 94. Kf3 Qh5+ 95. Kf4 Qf7+ 96. Ke5 Qe7+
97. Kd5 Qg5+ 98. Kd6 Qf6+ 99. Kd7 Qf7+ 100. Kc8 a2 101. Qe3+ Kb2 102. Qd2+ Kb1
103. Qb4+ Kc2 104. Qe4+ Kb2 105. Qd4+ Kb1 106. Qd1+ Kb2 107. Qd2+ Kb1 108. Qb4+
Kc2 109. Qe4+ Kb2 110. c7 a1=Q 111. Kb8 Qa6 112. Qd4+ Ka2 113. Qd2+ Ka1 114.
Qc1+ Ka2 115. Qc2+ Ka1 1/2-1/2